000 00719nam a2200217Ii 4500
003 JO-AjNU
008 230605s9999||||xx |||||||||||||| ||und||
017 _a2009/8/2954
040 _aJO-AjNU
_bara
_erda
_cJO-AjNU
041 _aara
050 1 4 _aQA76.9.D3.Q2393 2010
100 3 _aالقاضي ، زياد عبد الكريم,
_eauthor
_929786
245 0 0 _aيرمجة مواقع الويب =Html Java Scritps
250 _aط العربية 1
264 3 1 _aعمان:مكتبة المجتمع العربي ، 2009
300 _a346ص
336 _atext
_btxt
_2rdacontent
337 _aunmediated
_bn
_2rdamedia
338 _avolume
_bnc
_2rdacarrier
650 4 _aالحاسوب - برمجة الويب
_929787
999 _aA11727
_c15295
_d15295